000 00542nam a2200109Ia 4500
008 171212s9999 xx 000 0 und d
100 _aCrane, Keith;Luoto, Jill E.;Harold, Scott Warren;Yang, David;Berkowitz, Samuel K.;Wang, Xiao
245 _cCrane, Keith;Luoto, Jill E.;Harold, Scott Warren;Yang, David;Berkowitz, Samuel K.;Wang, Xiao
_aThe Effectiveness of China's Industrial Policies in Commercial Aviation Manufacturing
260 _bRAND Corporation
_c2014
650 _aHistory
856 _uhttp://www.jstor.org/stable/10.7249/j.ctt6wq85j
999 _c352649
_d352649